| 000 | 01180nam a2200241Ia 4500 | ||
|---|---|---|---|
| 001 | 19584 | ||
| 003 | GE_BSU | ||
| 008 | 181216s||||||||xx |||||||||||||| ||und|| | ||
| 040 | _cGE_BSU | ||
| 080 | _a02 | ||
| 245 | _aბიბლიოთეკის ფონდების დაკომპლექტების თემატურ-ტიპოლოგიური გეგმის კართოტეკის შედგენა | ||
| 245 | _bმეთოდური რეკომენდაციები | ||
| 245 | _cშემდგ. მ.ცომაია. რედ. გ. თაყნიაშვილი | ||
| 260 | _aთბილისი | ||
| 260 | _c1987 | ||
| 300 | _a33გვ. | ||
| 541 | _h2ლ.80თ. | ||
| 653 | _aბიბლიოთეკარი | ||
| 653 | _aბიბლიოთეკის ფონდების დაკომპლექტების თემატურ-ტიპოლოგიური გეგმის კართოტეკის შედგენა | ||
| 653 | _aმეთოდური რეკომენდაციები | ||
| 653 | _aქსეროქსი | ||
| 942 | _cBK | ||
| 999 |
_c52560 _d52560 |
||